000 00519nam a22001817a 4500
005 20180501161327.0
010 _aENG-122840
020 _a9789386702333
_c299.00
035 _aEN-106372
037 _bDBAD/PUB
082 _aN
100 _aKapur, Vikram
245 _aThe Assassinations:
_cby Vikram Kapur
_ba novel of 1984 /
260 _aNew Delhi
_bSpeaking Tiger Publications
_c2017
270 _a4381/4, Ansari Road, Daryaganj,
_bNew Delhi
_e110002
300 _a211p.
_c21cm(pbk)
942 _2ddc
_cEN
_mKAP
_hN
999 _c151813
_d151813